000 00782cam a2200265 a 4500
001 146217
003 OSt
005 20180921
008 0000002004 ec 0000000000 00
020 _a9978-82-121-X
245 _aManual : manejo del dolor /
_cEdifarm
260 _aEcuador :
_bEdifarm
300 _a467 p.
504 _aIncluye índice
650 _aDolor
_aDolor mecanismo
_aNeuroanatomia
_aNeurofisiologia
040 _aDLC
_cDLC
942 _2ddc
_cBK
999 _c146217
_d14621700